000 00478cam a22001691 4500
082 _a627
_bHAN
_cL-22, P-7
100 1 _aDavis, Calvin Victor,
_943904
245 1 0 _aHandbook of applied hydraulics.
250 _a2d ed.
260 _aNew York,
_bMcGraw-Hill,
_c1952.
300 _axx, 1272 p.
_billus., maps.
_c24 cm.
526 _a0
_b0
_c0
_d627_000000000000000_HAN
650 0 _aHydraulic engineering.
_93526
650 0 _aHydraulics.
650 0 _aMCE
_9379
942 _2ddc
_cBK
999 _c550648
_d550648